| 000 | 00631nam a2200181 i 4500 | ||
|---|---|---|---|
| 001 | 181256 | ||
| 003 | ES-MaACL | ||
| 005 | 20230906221319.0 | ||
| 008 | 121121s1861 fr |||| | fre d | ||
| 100 | 1 |
_aGivodan, Leon _cComte de. _9151852 |
|
| 245 | 1 | 0 |
_aHistoire des classes privilégiées dans les temps anciens / _cpar Léon de Givodan. |
| 260 |
_aParis : _bAu Collége Héraldique, _c1861 ( _eAbbeville : _fImp. R. Housse) |
||
| 300 |
_a1 v. (IV, 331; 436 p.) ; _c18 cm. |
||
| 500 | _a2 tomos en 1 vol. | ||
| 650 | 4 |
_aAristocracia- _vHistoria. _9151853 |
|
| 650 | 4 |
_aNobleza- _vHistoria. _9151854 |
|
| 852 |
_aES-MaACL _jG-8822 |
||
| 999 |
_c181256 _d181256 |
||